Топ авианаправлений в 2025 из Москвы - Statistics

General Stats
  • This quiz has been taken 39 times
  • The average score is 35 of 50
Answer Stats
# Город Страна % Correct
1 Санкт-Петербург Россия
100%
11 Баку Азербайджан
100%
22 Минск Беларусь
100%
5 Стамбул Турция
96%
7 Ереван Армения
96%
2 Сочи Россия
93%
14 Ташкент Узбекистан
93%
18 Тбилиси Грузия
93%
20 Дубай ОАЭ
93%
15 Новосибирск Россия
89%
36 Иркутск Россия
89%
42 Астана Казахстан
89%
8 Екатеринбург Россия
85%
10 Казань Россия
85%
47 Пекин Китай
85%
4 Махачкала Россия
81%
23 Душанбе Таджикистан
81%
32 Омск Россия
81%
9 Самара Россия
78%
13 Грозный Россия
78%
19 Волгоград Россия
78%
21 Челябинск Россия
78%
24 Мурманск Россия
78%
27 Саратов Россия
78%
39 Бангкок Таиланд
78%
3 Калининград Россия
74%
16 Анталья Турция
74%
33 Бишкек Кыргызстан
74%
49 Барселона Испания
74%
30 Красноярск Россия
70%
12 Уфа Россия
67%
25 Ош Кыргызстан
63%
26 Пермь Россия
63%
43 Барнаул Россия
63%
41 Ставрополь Россия
59%
6 Минеральные Воды Россия
56%
17 Владикавказ Россия
56%
28 Тюмень Россия
56%
31 Алматы Казахстан
56%
38 Ульяновск Россия
56%
34 Астрахань Россия
52%
37 Оренбург Россия
52%
46 Нальчик Россия
48%
29 Самарканд Узбекистан
44%
50 Сургут Россия
44%
35 Пхукет Таиланд
41%
40 Чебоксары Россия
33%
45 Денпасар Индонезия
19%
44 Нижнекамск Россия
15%
48 Магас Россия
11%
No matching quizzes found
Score Distribution
Percent of People with Each Score
Percentile by Number Answered
Your Score History
You have not taken this quiz